000 01024nam a2200361 a 4500
003 AR-BaBNM
005 20251128204536.0
008 082120s2002 ||||||||||||||000 | spa||
020 _a950-518-029-2
040 _cAR-BaBNM
100 1 _aGoffman, Erving
245 0 0 _aLa presentación de la persona en la vida cotidiana
260 _aBuenos Aires
_bAmorrortu
_c1994
300 _a273 p.
490 0 _aBiblioteca de sociología
500 _aTraducción de Hildegarde B. Torres Perrén Y Flora Setaro
650 4 _aINDIVIDUO
650 4 _aIDENTIDAD
650 4 _aPSICOLOGIA INDIVIDUAL
650 4 _aINDIVIDUALISMO
650 4 _aCARACTERISTICAS PSICOLOGICAS
650 4 _aRELACIONES INTERPERSONALES
650 4 _aPERSONALIDAD
650 4 _aVIDA SOCIAL
650 4 _aESTRATIFICACION SOCIAL
650 4 _aINTERACCION SOCIAL
650 4 _aINVESTIGACION EN CIENCIAS SOCIALES
650 4 _aROL
650 4 _aDINAMICA DE GRUPO
800 1 _aRigal, Luis A.
_edirector
942 _cBK
998 _cEthel
999 _c7845
_d7845